00927cam a22002774a 4500999001500000001000600015003000900021005001700030008004100047020001800088020001800106020001800124040002800142082001600170100001900186245011400205250001200319260003500331300003000366504005300396650003300449700002200482700001900504942001200523952011400535 c4404d440418537BD-DhUAP20201109122755.0201109s2013 nyu b 001 0 eng  a9780415894784 a9780415894951 a9780203137093 aDLCcDLCdBD-DhUAPbEng00a418 GAS2231 aGass, Susan M.10aSecond language acquisition :ban introductory course /cSusan M. Gass with Jennifer Behney and Luke Plonsky. a4th ed. aNew York :bRoutledge,cc2013. axxiv, 623 pages ;c27 cm. aIncludes bibliographical references and indexes. 0aSecond language acquisition.1 aBehney, Jennifer.1 aPlonsky, Luke. 2ddccBK 00102ddc4070aUAPCLbUAPCLcGeneral Stacksd2020-11-09o418 GASp3010018537r2020-11-09t1w2020-11-09yBK